Making Time (Museo Nacional del Prado) : photography

Salvato in:
Dettagli Bibliografici
Autore principale: Struth, Thomas (Autore)
Natura: Libro
Lingua:tedesco
Pubblicazione: Madrid : Museo Nacional del Prado, 2007
Soggetti:
Tags: Aggiungi Tag
Nessun Tag, puoi essere il primo ad aggiungerne!!

MARC

LEADER 00000nam a22000003a 4500
001 stu234762
005 20150617230146.6
008 110923s2007------------------------ger-d
020 |a 978-3-8296-0300-3 
040 |a STU  |b slo 
041 0 |a ger 
100 1 |a Struth, Thomas  |4 aut 
245 1 |a Making Time (Museo Nacional del Prado) :  |b photography 
260 |a Madrid :  |b Museo Nacional del Prado,  |c 2007 
300 |a 111 s 
650 7 |a Fotografia  |2 stusub 
996 |b 284AU04969  |c A*7640 U  |l AAKNAR  |s A  |a 24  |w stu234762_0001